[Event "Rapid 2018"]
[Site "Saint-Petersburg"]
[Date "2018.12.28"]
[Round "14"]
[Board "49"]
[White "Esipenko Andrey (RUS)"]
[Black "Tukhaev Adam (UKR)"]
[Result "1/2-1/2"]
[LiveChessVersion "1.4.8"]
[BlackElo "2556"]
[WhiteElo "2643"]

1. d4 {[%clk 0:15:10]} g6 {[%clk 0:15:02]} 2. Nf3 {[%clk 0:15:15]} Bg7
{[%clk 0:15:01]} 3. g3 {[%clk 0:15:22]} Nf6 {[%clk 0:15:03]} 4. Bg2
{[%clk 0:15:31]} O-O {[%clk 0:15:01]} 5. O-O {[%clk 0:15:38]} d6 {[%clk 0:15:09]}
6. b3 {[%clk 0:15:46]} a5 {[%clk 0:15:07]} 7. Bb2 {[%clk 0:15:28]} a4
{[%clk 0:15:10]} 8. c4 {[%clk 0:15:35]} axb3 {[%clk 0:15:00]} 9. axb3
{[%clk 0:15:43]} Rxa1 {[%clk 0:15:08]} 10. Bxa1 {[%clk 0:15:51]} c6
{[%clk 0:15:16]} 11. Nbd2 {[%clk 0:15:43]} Qa5 {[%clk 0:14:58]} 12. Qc2
{[%clk 0:15:49]} d5 {[%clk 0:11:04]} 13. Bc3 {[%clk 0:15:30]} Qd8
{[%clk 0:10:40]} 14. Ne5 {[%clk 0:11:39]} Bf5 {[%clk 0:10:33]} 15. Qb2
{[%clk 0:11:47]} Nfd7 {[%clk 0:07:28]} 16. Ra1 {[%clk 0:10:45]} Nxe5
{[%clk 0:07:27]} 17. dxe5 {[%clk 0:10:53]} Be6 {[%clk 0:06:51]} 18. Bd4
{[%clk 0:10:00]} Nd7 {[%clk 0:06:17]} 19. cxd5 {[%clk 0:09:35]} cxd5
{[%clk 0:06:10]} 20. Nf3 {[%clk 0:09:00]} Qb8 {[%clk 0:06:13]} 21. h3
{[%clk 0:08:24]} Rc8 {[%clk 0:06:18]} 22. g4 {[%clk 0:07:13]} Qc7
{[%clk 0:06:11]} 23. Ra7 {[%clk 0:06:50]} h6 {[%clk 0:04:55]} 24. e3
{[%clk 0:06:36]} Nb8 {[%clk 0:04:14]} 25. Ra8 {[%clk 0:05:57]} Nc6
{[%clk 0:04:01]} 26. Rxc8+ {[%clk 0:06:05]} Qxc8 {[%clk 0:04:11]} 27. Bc3
{[%clk 0:05:25]} h5 {[%clk 0:02:49]} 28. Nh4 {[%clk 0:03:07]} hxg4
{[%clk 0:02:51]} 29. hxg4 {[%clk 0:03:15]} Qd8 {[%clk 0:01:56]} 30. g5
{[%clk 0:02:37]} Qb6 {[%clk 0:01:54]} 31. Nf3 {[%clk 0:01:48]} Bf8
{[%clk 0:00:36]} 32. Nd2 {[%clk 0:00:49]} Qd8 {[%clk 0:00:19]} 33. b4
{[%clk 0:00:46]} Bf5 {[%clk 0:00:24]} 34. b5 {[%clk 0:00:54]} Nb8
{[%clk 0:00:33]} 35. Bb4 {[%clk 0:00:20]} e6 {[%clk 0:00:23]} 36. Bxf8
{[%clk 0:00:28]} Kxf8 {[%clk 0:00:31]} 37. Qa3+ {[%clk 0:00:35]} Kg7
{[%clk 0:00:39]} 38. Qa8 {[%clk 0:00:37]} Qxg5 {[%clk 0:00:18]} 39. f4
{[%clk 0:00:37]} Qg3 {[%clk 0:00:14]} 40. Nf1 {[%clk 0:00:20]} Qg4
{[%clk 0:00:23]} 41. Nh2 {[%clk 0:00:19]} Qg3 {[%clk 0:00:25]} 42. Nf1
{[%clk 0:00:22]} Qg4 {[%clk 0:00:35]} 43. Nh2 {[%clk 0:00:31]} Qg3
{[%clk 0:00:40]} 44. Nf1 {[%clk 0:00:38]} Qg4 {[%clk 0:00:49]} 45. Nh2
{[%clk 0:00:43]} Qg3 {[%clk 0:00:58]} 46. Nf1 {[%clk 0:00:50]} Qg4
{[%clk 0:01:07]} 47. Nh2 {[%clk 0:00:56]} 1/2-1/2

[Event "Rapid 2018"]
[Site "Saint-Petersburg"]
[Date "2018.12.28"]
[Round "14"]
[Board "50"]
[White "Yilmaz Mustafa (TUR)"]
[Black "Potkin Vladimir (RUS)"]
[Result "0-1"]
[LiveChessVersion "1.4.8"]
[BlackElo "2635"]
[WhiteElo "2546"]

1. d4 {[%clk 0:15:19]} Nf6 {[%clk 0:15:18]} 2. c4 {[%clk 0:15:28]} e6
{[%clk 0:15:21]} 3. Nf3 {[%clk 0:15:36]} d5 {[%clk 0:15:28]} 4. Nc3
{[%clk 0:15:44]} c6 {[%clk 0:15:35]} 5. e3 {[%clk 0:15:51]} Nbd7 {[%clk 0:15:44]}
6. Qc2 {[%clk 0:15:59]} Bd6 {[%clk 0:15:52]} 7. Bd3 {[%clk 0:16:07]} O-O
{[%clk 0:15:59]} 8. O-O {[%clk 0:16:15]} e5 {[%clk 0:15:57]} 9. cxd5
{[%clk 0:16:06]} cxd5 {[%clk 0:16:05]} 10. e4 {[%clk 0:15:53]} exd4
{[%clk 0:16:11]} 11. Nxd5 {[%clk 0:15:55]} Nxd5 {[%clk 0:16:18]} 12. exd5
{[%clk 0:16:03]} h6 {[%clk 0:16:24]} 13. Nxd4 {[%clk 0:16:05]} Qh4
{[%clk 0:16:00]} 14. Nf3 {[%clk 0:15:33]} Qh5 {[%clk 0:16:08]} 15. Bh7+
{[%clk 0:15:31]} Kh8 {[%clk 0:16:17]} 16. Qf5 {[%clk 0:15:38]} Qxf5
{[%clk 0:16:24]} 17. Bxf5 {[%clk 0:15:46]} Nf6 {[%clk 0:16:33]} 18. Bxc8
{[%clk 0:15:54]} Rfxc8 {[%clk 0:16:41]} 19. Rd1 {[%clk 0:15:40]} Rd8
{[%clk 0:16:49]} 20. Be3 {[%clk 0:15:27]} Be7 {[%clk 0:16:57]} 21. d6
{[%clk 0:15:35]} Rxd6 {[%clk 0:16:42]} 22. Rxd6 {[%clk 0:15:43]} Bxd6
{[%clk 0:16:50]} 23. Rd1 {[%clk 0:15:51]} Be7 {[%clk 0:16:23]} 24. g3
{[%clk 0:15:59]} Kg8 {[%clk 0:16:19]} 25. Kg2 {[%clk 0:15:57]} Kf8
{[%clk 0:15:07]} 26. Ne5 {[%clk 0:15:43]} Ke8 {[%clk 0:13:39]} 27. Kf3
{[%clk 0:12:49]} Nh7 {[%clk 0:07:43]} 28. h4 {[%clk 0:10:39]} Nf8
{[%clk 0:07:51]} 29. h5 {[%clk 0:10:00]} f6 {[%clk 0:06:32]} 30. Nc4
{[%clk 0:09:50]} Rc8 {[%clk 0:06:12]} 31. b3 {[%clk 0:09:43]} b6 {[%clk 0:06:00]}
32. Ke4 {[%clk 0:09:03]} Rc6 {[%clk 0:06:06]} 33. a4 {[%clk 0:08:37]} Ne6
{[%clk 0:05:30]} 34. Kf5 {[%clk 0:05:54]} Nc5 {[%clk 0:05:38]} 35. Bxc5
{[%clk 0:05:42]} Rxc5+ {[%clk 0:05:47]} 36. Kg6 {[%clk 0:04:44]} Rg5+
{[%clk 0:05:54]} 37. Kh7 {[%clk 0:04:53]} Rxh5 {[%clk 0:05:33]} 38. Kxg7
{[%clk 0:04:34]} Rg5+ {[%clk 0:05:41]} 39. Kxh6 {[%clk 0:02:33]} Bf8+
{[%clk 0:05:19]} 40. Kh7 {[%clk 0:02:42]} Rg7+ {[%clk 0:05:24]} 41. Kh8
{[%clk 0:02:51]} Rg5 {[%clk 0:05:20]} 42. Kh7 {[%clk 0:02:28]} Rg7+
{[%clk 0:05:29]} 43. Kh8 {[%clk 0:02:37]} Rg5 {[%clk 0:05:37]} 44. Rd3
{[%clk 0:02:10]} Kf7 {[%clk 0:03:21]} 45. g4 {[%clk 0:01:23]} Rxg4
{[%clk 0:03:04]} 46. Rh3 {[%clk 0:01:31]} Bg7+ {[%clk 0:01:29]} 47. Kh7
{[%clk 0:01:40]} Rd4 {[%clk 0:01:38]} 48. Ne3 {[%clk 0:01:04]} Rd8
{[%clk 0:01:43]} 0-1

[Event "Rapid 2018"]
[Site "Saint-Petersburg"]
[Date "2018.12.28"]
[Round "14"]
[Board "51"]
[White "Hakobyan Aram (ARM)"]
[Black "Vitiugov Nikita (RUS)"]
[Result "1/2-1/2"]
[LiveChessVersion "1.4.8"]
[BlackElo "2632"]
[WhiteElo "2545"]

1. d4 {[%clk 0:15:18]} Nf6 {[%clk 0:15:15]} 2. c4 {[%clk 0:15:27]} e6
{[%clk 0:15:21]} 3. Nf3 {[%clk 0:15:30]} Bb4+ {[%clk 0:15:22]} 4. Bd2
{[%clk 0:15:35]} a5 {[%clk 0:15:12]} 5. g3 {[%clk 0:15:43]} b6 {[%clk 0:14:48]}
6. Bg2 {[%clk 0:15:50]} Bb7 {[%clk 0:14:56]} 7. O-O {[%clk 0:15:54]} O-O
{[%clk 0:15:01]} 8. Bf4 {[%clk 0:15:56]} Be7 {[%clk 0:14:56]} 9. Nc3
{[%clk 0:15:45]} Ne4 {[%clk 0:14:37]} 10. Nb5 {[%clk 0:15:54]} Na6
{[%clk 0:12:54]} 11. Rc1 {[%clk 0:16:02]} c6 {[%clk 0:12:22]} 12. Nc3
{[%clk 0:16:10]} Nxc3 {[%clk 0:12:25]} 13. Rxc3 {[%clk 0:16:19]} c5
{[%clk 0:12:04]} 14. d5 {[%clk 0:14:46]} exd5 {[%clk 0:11:28]} 15. cxd5
{[%clk 0:14:46]} Bf6 {[%clk 0:11:21]} 16. Be5 {[%clk 0:12:31]} d6
{[%clk 0:10:51]} 17. Bxf6 {[%clk 0:12:40]} Qxf6 {[%clk 0:10:59]} 18. e4
{[%clk 0:12:31]} b5 {[%clk 0:10:53]} 19. a4 {[%clk 0:12:04]} bxa4
{[%clk 0:10:01]} 20. Nd2 {[%clk 0:11:57]} Nb4 {[%clk 0:10:08]} 21. Re1
{[%clk 0:10:56]} Ba6 {[%clk 0:10:06]} 22. e5 {[%clk 0:10:54]} dxe5
{[%clk 0:10:14]} 23. Ne4 {[%clk 0:11:03]} Qb6 {[%clk 0:09:00]} 24. Nxc5
{[%clk 0:08:14]} Qd6 {[%clk 0:08:53]} 25. Ne4 {[%clk 0:07:26]} Qb6 26. Qh5
{[%clk 0:05:37]} Nxd5 {[%clk 0:08:07]} 27. Rc5 {[%clk 0:05:15]} Nb4
{[%clk 0:07:12]} 28. Rec1 {[%clk 0:01:37]} h6 {[%clk 0:06:47]} 29. Rc7
{[%clk 0:00:26]} Rac8 {[%clk 0:05:53]} 30. Rxc8 {[%clk 0:00:28]} Rxc8
{[%clk 0:06:00]} 31. Rxc8+ {[%clk 0:00:30]} Bxc8 {[%clk 0:06:08]} 32. Qxe5
{[%clk 0:00:39]} Be6 {[%clk 0:05:59]} 33. Nc5 {[%clk 0:00:27]} Qb5
{[%clk 0:04:45]} 34. Bf1 {[%clk 0:00:28]} Bc4 {[%clk 0:02:02]} 35. Bxc4
{[%clk 0:00:33]} Qxc4 {[%clk 0:02:10]} 36. Qe8+ {[%clk 0:00:35]} Kh7
{[%clk 0:02:19]} 37. Nd7 {[%clk 0:00:31]} g6 {[%clk 0:01:15]} 38. Qe7
{[%clk 0:00:31]} Nc6 {[%clk 0:00:53]} 39. Nf6+ {[%clk 0:00:35]} Kg7
{[%clk 0:01:02]} 40. Ne8+ {[%clk 0:00:43]} Kg8 {[%clk 0:01:10]} 41. Nf6+
{[%clk 0:00:51]} Kg7 {[%clk 0:01:19]} 42. Ne8+ {[%clk 0:01:00]} Kg8 1/2-1/2

[Event "Rapid 2018"]
[Site "Saint-Petersburg"]
[Date "2018.12.28"]
[Round "14"]
[Board "52"]
[White "Adly Ahmed (EGY)"]
[Black "Popov Valerij (RUS)"]
[Result "1-0"]
[LiveChessVersion "1.4.8"]
[BlackElo "2531"]
[WhiteElo "2630"]

1. d4 {[%clk 0:15:18]} d5 {[%clk 0:15:17]} 2. Nf3 {[%clk 0:15:27]} e6
{[%clk 0:15:20]} 3. g3 {[%clk 0:15:35]} Nf6 {[%clk 0:14:31]} 4. Bg2
{[%clk 0:15:44]} Be7 {[%clk 0:14:20]} 5. O-O {[%clk 0:15:48]} O-O
{[%clk 0:14:28]} 6. c4 {[%clk 0:15:56]} c6 {[%clk 0:14:31]} 7. Qc2
{[%clk 0:16:00]} b6 {[%clk 0:14:21]} 8. Rd1 {[%clk 0:15:39]} Nbd7
{[%clk 0:13:42]} 9. Ne5 {[%clk 0:15:28]} Bb7 {[%clk 0:13:40]} 10. Nc3
{[%clk 0:15:33]} Rc8 {[%clk 0:13:13]} 11. e4 {[%clk 0:15:08]} dxc4
{[%clk 0:11:55]} 12. Nxc4 {[%clk 0:15:06]} b5 {[%clk 0:11:55]} 13. Ne3
{[%clk 0:15:11]} Qb6 {[%clk 0:11:39]} 14. a4 {[%clk 0:14:54]} Rfd8
{[%clk 0:11:16]} 15. a5 {[%clk 0:12:39]} Qa6 {[%clk 0:11:13]} 16. e5
{[%clk 0:12:33]} Nd5 {[%clk 0:11:16]} 17. Be4 {[%clk 0:12:35]} Nf8
{[%clk 0:10:38]} 18. Nexd5 {[%clk 0:12:15]} cxd5 {[%clk 0:10:12]} 19. Bd3
{[%clk 0:12:24]} Qc6 {[%clk 0:10:04]} 20. Qe2 {[%clk 0:12:24]} a6
{[%clk 0:09:13]} 21. Qg4 {[%clk 0:12:30]} Rc7 {[%clk 0:08:19]} 22. Ne2
{[%clk 0:12:04]} Rdc8 {[%clk 0:07:50]} 23. Bh6 {[%clk 0:12:08]} Ng6
{[%clk 0:07:58]} 24. Bd2 {[%clk 0:12:06]} Nf8 {[%clk 0:06:17]} 25. h4
{[%clk 0:11:44]} Qe8 {[%clk 0:05:37]} 26. h5 {[%clk 0:10:05]} Kh8
{[%clk 0:05:43]} 27. Re1 {[%clk 0:08:43]} Qd8 {[%clk 0:05:42]} 28. Kg2
{[%clk 0:08:28]} b4 {[%clk 0:05:03]} 29. Nf4 {[%clk 0:07:45]} Ra8
{[%clk 0:04:26]} 30. Rh1 {[%clk 0:07:34]} Kg8 {[%clk 0:04:11]} 31. Rh3
{[%clk 0:06:34]} Rc4 {[%clk 0:04:20]} 32. Be3 {[%clk 0:06:11]} Bc6
{[%clk 0:04:25]} 33. Ng6 {[%clk 0:04:52]} Bc5 {[%clk 0:04:27]} 34. Nh4
{[%clk 0:03:49]} Kh8 {[%clk 0:04:18]} 35. Qf3 {[%clk 0:03:44]} Rxd4
{[%clk 0:03:49]} 36. Bxd4 {[%clk 0:03:08]} Bxd4 {[%clk 0:03:58]} 37. Qxf7
{[%clk 0:03:17]} Ra7 {[%clk 0:03:54]} 38. Qf4 {[%clk 0:03:10]} Bxb2
{[%clk 0:03:57]} 39. Rb1 {[%clk 0:02:45]} Bc3 {[%clk 0:03:59]} 40. Ng6+
{[%clk 0:02:52]} Kg8 {[%clk 0:04:08]} 41. Nxf8 {[%clk 0:03:00]} d4+
{[%clk 0:04:04]} 42. f3 {[%clk 0:02:50]} Rf7 {[%clk 0:04:13]} 43. Nxe6
{[%clk 0:02:59]} Qe7 {[%clk 0:03:31]} 44. Bxh7+ {[%clk 0:02:29]} Kh8
{[%clk 0:03:40]} 45. Bf5 {[%clk 0:02:11]} Bd7 {[%clk 0:03:30]} 46. Nxg7
{[%clk 0:02:02]} Rxg7 {[%clk 0:03:30]} 47. e6 {[%clk 0:01:45]} Bxe6
{[%clk 0:02:46]} 48. Qh6+ {[%clk 0:01:49]} 1-0

[Event "Rapid 2018"]
[Site "Saint-Petersburg"]
[Date "2018.12.28"]
[Round "14"]
[Board "53"]
[White "Sychev Klementy (RUS)"]
[Black "Vallejo Pons Francisco (ESP)"]
[Result "0-1"]
[LiveChessVersion "1.4.8"]
[BlackElo "2628"]
[WhiteElo "2544"]

1. e4 {[%clk 0:15:19]} e5 {[%clk 0:15:18]} 2. Nf3 {[%clk 0:15:25]} Nc6
{[%clk 0:15:25]} 3. Bb5 {[%clk 0:15:27]} a6 {[%clk 0:15:33]} 4. Ba4
{[%clk 0:15:36]} b5 {[%clk 0:15:42]} 5. Bb3 {[%clk 0:15:44]} Na5 {[%clk 0:15:51]}
6. O-O {[%clk 0:15:28]} d6 {[%clk 0:15:57]} 7. d4 {[%clk 0:15:37]} exd4
{[%clk 0:16:01]} 8. Qxd4 {[%clk 0:14:01]} Bb7 {[%clk 0:16:06]} 9. Bg5
{[%clk 0:12:01]} Ne7 {[%clk 0:15:59]} 10. Qd3 {[%clk 0:11:45]} h6
{[%clk 0:15:31]} 11. Bh4 {[%clk 0:11:10]} g5 {[%clk 0:15:10]} 12. Bg3
{[%clk 0:05:53]} Bg7 {[%clk 0:15:14]} 13. c3 {[%clk 0:05:33]} Nxb3
{[%clk 0:14:29]} 14. axb3 {[%clk 0:05:41]} O-O {[%clk 0:14:14]} 15. h4
{[%clk 0:05:29]} f5 {[%clk 0:11:21]} 16. exf5 {[%clk 0:04:42]} Nxf5
{[%clk 0:11:25]} 17. hxg5 {[%clk 0:04:48]} hxg5 {[%clk 0:11:31]} 18. Nbd2
{[%clk 0:04:37]} g4 {[%clk 0:11:34]} 19. Nd4 {[%clk 0:04:27]} Nxd4
{[%clk 0:11:09]} 20. cxd4 {[%clk 0:04:35]} Qg5 {[%clk 0:11:17]} 21. Rfc1
{[%clk 0:03:09]} Qd5 {[%clk 0:10:23]} 22. Qf1 {[%clk 0:03:17]} Rf7
{[%clk 0:10:10]} 23. Rc3 {[%clk 0:03:03]} Bxd4 {[%clk 0:09:16]} 24. Rd3
{[%clk 0:03:12]} Rh7 {[%clk 0:08:22]} 0-1

[Event "Rapid 2018"]
[Site "Saint-Petersburg"]
[Date "2018.12.28"]
[Round "14"]
[Board "54"]
[White "Vastrukhin Oleg (RUS)"]
[Black "Roiz Michael (ISR)"]
[Result "1/2-1/2"]
[LiveChessVersion "1.4.8"]
[BlackElo "2611"]
[WhiteElo "2495"]

1. Nf3 {[%clk 0:15:17]} Nf6 {[%clk 0:15:06]} 2. g3 {[%clk 0:15:25]} c5
{[%clk 0:15:10]} 3. Bg2 {[%clk 0:15:33]} Nc6 {[%clk 0:15:18]} 4. O-O
{[%clk 0:15:39]} e5 {[%clk 0:15:26]} 5. c4 {[%clk 0:15:47]} d5 {[%clk 0:15:33]}
6. cxd5 {[%clk 0:15:05]} Nxd5 {[%clk 0:15:41]} 7. Nc3 {[%clk 0:15:14]} Be6
{[%clk 0:15:48]} 8. Ng5 {[%clk 0:14:15]} Qxg5 {[%clk 0:15:53]} 9. Nxd5
{[%clk 0:14:23]} Qd8 {[%clk 0:16:00]} 10. e4 {[%clk 0:12:34]} Bd6
{[%clk 0:15:34]} 11. d3 {[%clk 0:12:36]} O-O {[%clk 0:15:38]} 12. Be3
{[%clk 0:12:42]} Qd7 {[%clk 0:14:58]} 13. Rc1 {[%clk 0:12:19]} b6
{[%clk 0:15:07]} 14. a3 {[%clk 0:12:27]} Ne7 {[%clk 0:11:20]} 15. Nxe7+
{[%clk 0:08:57]} Bxe7 {[%clk 0:11:24]} 16. f4 {[%clk 0:09:00]} Rad8
{[%clk 0:09:17]} 17. Rc3 {[%clk 0:09:05]} exf4 {[%clk 0:08:17]} 18. gxf4
{[%clk 0:08:54]} f5 {[%clk 0:08:25]} 19. Qf3 {[%clk 0:08:40]} Bf6
{[%clk 0:06:01]} 20. e5 {[%clk 0:08:42]} Be7 {[%clk 0:06:10]} 21. Qc6
{[%clk 0:07:18]} Bd5 {[%clk 0:05:49]} 22. Qxd7 {[%clk 0:06:37]} Rxd7
{[%clk 0:05:58]} 23. Bh3 {[%clk 0:05:24]} Be6 {[%clk 0:05:02]} 24. Kf2
{[%clk 0:05:32]} Kf7 {[%clk 0:05:00]} 25. Ke2 {[%clk 0:05:29]} Rfd8
{[%clk 0:05:01]} 26. Rb1 {[%clk 0:05:19]} a5 {[%clk 0:04:50]} 27. Bg2
{[%clk 0:05:11]} g6 {[%clk 0:03:11]} 1/2-1/2

[Event "Rapid 2018"]
[Site "Saint-Petersburg"]
[Date "2018.12.28"]
[Round "14"]
[Board "56"]
[White "Demidov Mikhail (RUS)"]
[Black "Kevlishvili Robby (NED)"]
[Result "1-0"]
[LiveChessVersion "1.4.8"]
[BlackElo "2451"]
[WhiteElo "2595"]

1. Nf3 {[%clk 0:15:19]} d5 {[%clk 0:15:19]} 2. g3 {[%clk 0:15:28]} g6
{[%clk 0:15:25]} 3. Bg2 {[%clk 0:15:36]} Bg7 {[%clk 0:15:34]} 4. O-O
{[%clk 0:15:44]} e5 {[%clk 0:15:39]} 5. d3 {[%clk 0:15:53]} Ne7 {[%clk 0:15:45]}
6. c4 {[%clk 0:15:57]} O-O {[%clk 0:15:44]} 7. cxd5 {[%clk 0:15:36]} Nxd5
{[%clk 0:15:52]} 8. Bg5 {[%clk 0:15:42]} Ne7 {[%clk 0:15:16]} 9. Nc3
{[%clk 0:14:45]} Nbc6 {[%clk 0:15:23]} 10. Qd2 {[%clk 0:14:43]} f6
{[%clk 0:14:47]} 11. Be3 {[%clk 0:14:24]} Nf5 {[%clk 0:14:47]} 12. Bc5
{[%clk 0:14:18]} Re8 {[%clk 0:14:51]} 13. Rac1 {[%clk 0:14:15]} Ncd4
{[%clk 0:14:36]} 14. Rfd1 {[%clk 0:11:03]} c6 {[%clk 0:13:29]} 15. e3
{[%clk 0:10:32]} Nxf3+ {[%clk 0:12:32]} 16. Bxf3 {[%clk 0:10:40]} Be6
{[%clk 0:12:23]} 17. Qc2 {[%clk 0:10:11]} b6 {[%clk 0:12:21]} 18. Ba3
{[%clk 0:10:12]} Rc8 {[%clk 0:12:28]} 19. b4 {[%clk 0:08:25]} Qd7
{[%clk 0:12:20]} 20. Bg2 {[%clk 0:08:19]} Red8 {[%clk 0:10:43]} 21. Bb2
{[%clk 0:07:23]} Qf7 {[%clk 0:10:34]} 22. Qb1 {[%clk 0:07:16]} h5
{[%clk 0:09:51]} 23. h3 {[%clk 0:07:13]} Bh6 {[%clk 0:09:51]} 24. Re1
{[%clk 0:06:59]} Ne7 {[%clk 0:09:36]} 25. a3 {[%clk 0:05:35]} Rd7
{[%clk 0:09:22]} 26. Rcd1 {[%clk 0:05:04]} Rcd8 {[%clk 0:09:11]} 27. d4
{[%clk 0:04:33]} exd4 {[%clk 0:08:26]} 28. exd4 {[%clk 0:04:36]} Nf5
{[%clk 0:08:23]} 29. b5 {[%clk 0:04:16]} Rxd4 {[%clk 0:07:04]} 30. Rxd4
{[%clk 0:03:18]} Nxd4 {[%clk 0:06:06]} 31. bxc6 {[%clk 0:03:27]} Bd2
{[%clk 0:05:46]} 32. Rxe6 {[%clk 0:01:34]} Nxe6 {[%clk 0:03:26]} 33. Nd5
{[%clk 0:01:43]} Bh6 {[%clk 0:03:06]} 34. Nxf6+ {[%clk 0:01:15]} Kh8
{[%clk 0:03:08]} 35. Bd5 {[%clk 0:01:02]} Rxd5 {[%clk 0:01:09]} 36. Nxd5+
{[%clk 0:01:04]} Bg7 {[%clk 0:01:17]} 37. Bxg7+ {[%clk 0:00:58]} Kxg7
{[%clk 0:01:25]} 38. Qb2+ {[%clk 0:01:03]} Kh7 {[%clk 0:01:33]} 39. Qe5
{[%clk 0:01:08]} Nc5 {[%clk 0:01:26]} 40. c7 {[%clk 0:01:02]} Nd3
{[%clk 0:01:33]} 41. Qe7 {[%clk 0:00:58]} 1-0

[Event "Rapid 2018"]
[Site "Saint-Petersburg"]
[Date "2018.12.28"]
[Round "14"]
[Board "57"]
[White "Kazhgaleyev Murtas (KAZ)"]
[Black "Tsydypov Zhamsaran (RUS)"]
[Result "0-1"]
[LiveChessVersion "1.4.8"]
[BlackElo "2595"]
[WhiteElo "2462"]

1. d4 {[%clk 0:15:07]} Nf6 {[%clk 0:15:15]} 2. c4 {[%clk 0:15:15]} e6
{[%clk 0:15:23]} 3. Nc3 {[%clk 0:15:24]} Bb4 {[%clk 0:15:31]} 4. e3
{[%clk 0:15:33]} O-O {[%clk 0:15:30]} 5. Bd3 {[%clk 0:15:41]} d5 {[%clk 0:15:21]}
6. cxd5 {[%clk 0:15:47]} exd5 {[%clk 0:15:29]} 7. Nge2 {[%clk 0:15:55]} b6
{[%clk 0:15:09]} 8. O-O {[%clk 0:16:01]} Bb7 {[%clk 0:15:12]} 9. a3
{[%clk 0:15:52]} Bd6 {[%clk 0:14:50]} 10. b4 {[%clk 0:15:51]} c6 {[%clk 0:14:57]}
11. Rb1 {[%clk 0:15:16]} a5 {[%clk 0:14:46]} 12. f3 {[%clk 0:14:38]} axb4
{[%clk 0:14:53]} 13. axb4 {[%clk 0:14:46]} Na6 {[%clk 0:10:42]} 14. e4
{[%clk 0:14:44]} dxe4 {[%clk 0:10:22]} 15. fxe4 {[%clk 0:14:52]} Be7
{[%clk 0:10:30]} 16. Bg5 {[%clk 0:12:21]} Nxb4 {[%clk 0:08:06]} 17. Bxf6
{[%clk 0:10:56]} gxf6 {[%clk 0:08:13]} 18. Rf3 {[%clk 0:09:59]} Ra5
{[%clk 0:06:53]} 19. e5 {[%clk 0:07:52]} fxe5 {[%clk 0:06:29]} 20. Bf5
{[%clk 0:07:03]} exd4 {[%clk 0:06:14]} 21. Ne4 {[%clk 0:07:03]} d3
{[%clk 0:05:50]} 22. N2g3 {[%clk 0:06:57]} Qd4+ {[%clk 0:05:01]} 23. Kh1
{[%clk 0:07:05]} Kh8 {[%clk 0:03:30]} 24. Rf4 {[%clk 0:06:22]} Qg7
{[%clk 0:02:31]} 25. Qh5 {[%clk 0:05:44]} Rg8 {[%clk 0:02:26]} 26. h3
{[%clk 0:05:05]} Ra1 {[%clk 0:01:29]} 27. Rxa1 {[%clk 0:03:45]} Qxa1+
{[%clk 0:01:38]} 28. Kh2 {[%clk 0:03:54]} Rg7 {[%clk 0:01:44]} 29. Qh6
{[%clk 0:03:53]} Qe5 {[%clk 0:01:43]} 30. Nh5 {[%clk 0:03:15]} Nd5
{[%clk 0:01:32]} 31. Nf2 {[%clk 0:00:55]} Bg5 {[%clk 0:01:14]} 32. Qxg7+
{[%clk 0:01:02]} Qxg7 {[%clk 0:01:22]} 33. Nxg7 {[%clk 0:01:10]} Bxf4+
{[%clk 0:01:30]} 34. g3 {[%clk 0:01:18]} Be3 {[%clk 0:01:36]} 0-1